000 02369cam a22006854i 4500
003 PE-LiUPU
005 20250731170419.0
008 171206s2010 sp a rb 000 0 spa d
020 _a8497843193
020 _a9788497843195
035 _a(Sirsi) a240331
040 _aPE-LiUPU
_bspa
_cPE-LiUPU
_erda
041 1 _aspa
_hfre
049 _aPRUA
082 0 4 _a155.25
_bD48
_220
100 1 _aDelage, Michel,
_eautor.
245 1 3 _aLa resiliencia familiar /
_cMichel Delage.
250 _aPrimera edición.
264 1 _aBarcelona :
_bGedisa,
_c2010.
300 _a357 páginas :
_bilustraciones ;
_c23 centímetros.
336 _atext
_2rdacontent
337 _aunmediated
_2rdamedia
338 _avolume
_2rdacarrier
490 0 _aColección Psicología.
504 _aBibliografía : páginas 330-354.
505 0 _aCuando surge lo impensable -- La familia aniquilada -- Vulnerabilidad y factores de protección -- Resiliencia en la familia y familia resiliente -- Creencias y recursos espirituales -- Lla esperanza y el perdón -- Relaciones familiares y protección -- De las emociones al trabajo de mentalización -- La ayuda terapéutica a la resiliencia familiar -- Para adultos y niños resilientes.
526 _aSEG68
526 _aSEG70
526 _aSEG69
526 _aSEG67
526 _aSEG43
526 _aP144
526 _aP143
526 _aP131
526 _aP122
526 _aP120
526 _aP117
526 _aP112
526 _aP110
526 _aP106
526 _aP101
526 _aP80
526 _aP59
526 _aP54
526 _aP35
526 _aP33
526 _aP30
534 _pTítulo original :
_pLa résilience familiale.
541 _g12-002-059500;
650 0 4 _aResiliencia.
650 0 4 _aProblemas familiares.
650 0 4 _aFamilia
_xAspectos psicológicos.
650 0 4 _aResilience.
650 0 4 _aFamily problems.
650 0 4 _aFamily
_xPsychological aspects
910 _adbm
_bncf
_cncf
_d20171206
596 _a1
942 _2ddc
_cBOOK
999 _a155.25 D48
_wDEWEY
_c25996
_i77474
_d25996
_e2018-5-18
_f2021-11-3
_g4
_lCCODEBUL1
_mBUL
_n3
_p33.98
_q6
_r0
_sY
_tBOOK
_u2017-12-6
_xSALUD
_zP79
_0COMPRA
_o.STAFF. Colección Ciencias de la Salud
980 _81
_gALBERTO SANCHEZ Responsable de Automatización